Arrested Development Food Quiz Stats

 Plays Quiz Updated Feb 28, 2020

     
Support Sporcle.
Go Orange.
Score 0/27 Timer 05:00
0 Plays Today
Hint % Correct
What does Michael say ALWAYS comes first?Breakfast, then family
88.7%
There's always money hereBanana Stand
84.9%
This contains a narcoleptic stripperIra's Cake
75.4%
Buster is a fiend for this beverageJuice
73.4%
Uncle Oscar likes to bake theseAfternoon Delight Brownies
68.1%
Burns you, every damn time.Cornballer
65.3%
Ann's adorable trick recipeMayonegg
62.8%
Vodka turns into this if you leave it outWater
59.7%
Lindsay's signature dishHot Hamwater
58.3%
According to Lindsay, it's like Michael and Nellie finish each other's...Sandwiches
56.2%
Carl Weathers' acting course includes recipes for thisStew
55.8%
Lindsay gets a job marketing this at barsVodka
44.6%
Rita's prize is made of thisChocolate
43.3%
Tony Wonder's gift to BusterBread
42.2%
Hint % Correct
The soup of the day at the Wee Britain pubBread
42.1%
Stuck all over G.O.B.'s $6000 suit at the holiday partyLollipops
36.5%
Tony Wonder's gift to G.O.B.Hanukah Cookie
36%
Where George Sr. makes teriyaki chickenHot Tub
34.4%
Michael can eat a whole thing of theseCandy beans
32%
Most of the Club's menu items come with thisClub Sauce
31.5%
The balcony was baited for Buster with thisGraham Cracker
31%
Where the cereal is hidden in the model homeTurkey
29.7%
This is every item on the Skip's menu, together. Do not order it.Skip's Scramble
25.5%
Why don't you marry this dessert?Ice Cream Sandwich
24.4%
Lucille gets off on withholding thisCandy Bar
21.3%
Ann's tuberous vegetable nicknameYam
20.8%
10 cents gets you theseNuts
11.6%

From the Vault

NBA Top 200 Scorers (2012-13)

by Feely

Sports 20m
Boom, we put it in the hoop like slam!
Remove Ads.
Support Sporcle.
Get the best of Sporcle when you Go Orange. This ad-free experience offers more features, more stats, and more fun while also helping to support Sporcle. Thank you for becoming a member.

Show Comments

Extras

Top Quizzes Today


Score Distribution

Your Account Isn't Verified!

In order to create a playlist on Sporcle, you need to verify the email address you used during registration. Go to your Sporcle Settings to finish the process.

Report this User

Report this user for behavior that violates our Community Guidelines.

Details: